ISO/DIS 50001:2017 - štandard energetického manažérstva v novom šate
Strategickým nástrojom, ktorý pomáha organizáciám zaviesť účinný systém energetického manažérstva a využívať energiu efektívnejšie, je norma ISO 50001. Jej zavedenie pomáha organizáciám nielen šetriť finančné prostriedky, ale aj posilniť ich energetickú bezpečnosť. Pripravovaná revízia ISO 50001. Hl...
Enregistré dans:
| Auteur principal: | |
|---|---|
| Format: | Chapitre de livre |
| Langue: | slovaque |
| Sujets: | |
| Tags: |
Pas de tags, Soyez le premier à ajouter un tag!
|
MARC
| LEADER | 00000naa a2200000 4500 | ||
|---|---|---|---|
| 001 | 0242888 | ||
| 005 | 20180516092719.8 | ||
| 041 | 0 | |a slo | |
| 044 | |a SK | ||
| 245 | 1 | 0 | |a ISO/DIS 50001:2017 - štandard energetického manažérstva v novom šate |c Vladimír Žabár |
| 520 | |a Strategickým nástrojom, ktorý pomáha organizáciám zaviesť účinný systém energetického manažérstva a využívať energiu efektívnejšie, je norma ISO 50001. Jej zavedenie pomáha organizáciám nielen šetriť finančné prostriedky, ale aj posilniť ich energetickú bezpečnosť. Pripravovaná revízia ISO 50001. Hlavné prínosy zavedenia normy. | ||
| 610 | 2 | 0 | |a energetika |
| 610 | 2 | 0 | |a normy ISO |
| 610 | 2 | 0 | |a bezpečnosť energetická |
| 610 | 2 | 0 | |a ekológia |
| 610 | 2 | 0 | |a náklady |
| 610 | 2 | 0 | |a úspory energie |
| 610 | 2 | 0 | |a legislatíva |
| 100 | 1 | |a Žabár, Vladimír | |